A history of Israel : (Record no. 27748)

MARC details
000 -LEADER
campo de control de longitud fija 02733cam a22004214a 4500
003 - IDENTIFICADOR DE NÚMERO DE CONTROL
campo de control BJBSDDR
005 - FECHA Y HORA DE LA ÚLTIMA TRANSACCIÓN
campo de control 20250506110757.0
007 - CAMPO FIJO DE DESCRIPCIÓN FÍSICA--INFORMACIÓN GENERAL
campo de control de longitud fija ta
008 - DATOS DE LONGITUD FIJA--INFORMACIÓN GENERAL
campo de control de longitud fija 061215s2007 nyub b 001 0 eng
020 ## - NÚMERO INTERNACIONAL ESTÁNDAR DEL LIBRO
Número Internacional Estándar del Libro 9780375711329
020 ## - NÚMERO INTERNACIONAL ESTÁNDAR DEL LIBRO
Número Internacional Estándar del Libro 0375711325
029 1# - OTRO NÚMERO DE CONTROL DE SISTEMA (OCLC)
Identificador de la biblioteca OCLC YDXCP
Número de control de sistema 2542180
035 ## - NÚMERO DE CONTROL DEL SISTEMA
Número de control de sistema (OCoLC)ocm77116924
035 ## - NÚMERO DE CONTROL DEL SISTEMA
Número de control de sistema (OCoLC)77116924
040 ## - FUENTE DE CATALOGACIÓN
Centro catalogador/agencia de origen DLC
Centro/agencia transcriptor DLC
Lengua de catalogación eng
041 ## - CÓDIGO DE IDIOMA
Código de lengua del texto/banda sonora o título independiente eng
043 ## - CÓDIGO DE ÁREA GEOGRÁFICA
Código de área geográfica a-is---
049 ## - FONDOS LOCALES (OCLC)
Biblioteca depositaria GRAL
050 14 - SIGNATURA TOPOGRÁFICA DE LA BIBLIOTECA DEL CONGRESO
Número de clasificación 416 DS 126.5
Número de ítem S121h 2007
082 00 - NÚMERO DE LA CLASIFICACIÓN DECIMAL DEWEY
Número de clasificación 956.94
100 1# - ENTRADA PRINCIPAL--NOMBRE DE PERSONA
Nombre de persona Sachar, Howard M.
Forma completa/desarrollada del nombre (Howard Morley),
Fechas asociadas al nombre 1928-2018
9 (RLIN) 16500
245 12 - MENCIÓN DEL TÍTULO
Título A history of Israel :
Resto del título from the rise of Zionism to our time /
Mención de responsabilidad, etc. Howard M. Sachar.
250 ## - MENCION DE EDICION
Mención de edición 3rd edition revised and expanded.
260 ## - PUBLICACIÓN, DISTRIBUCIÓN, ETC.
Lugar de publicación, distribución, etc. New York :
Nombre del editor, distribuidor, etc. Alfred A. Knopf,
Fecha de publicación, distribución, etc. 2007.
300 ## - DESCRIPCIÓN FÍSICA
Extensión xxii, 1270 pages :
Otras características físicas maps ;
Dimensiones 24 cm.
500 ## - NOTA GENERAL
Nota general "This is a Borzoi book"--T.p. verso.
504 ## - NOTA DE BIBLIOGRAFÍA, ETC.
Nota de bibliografía, etc. Includes bibliographical references (pages [1135]-1207) and index.
505 0# - NOTA DE CONTENIDO CON FORMATO
Nota de contenido con formato The rise of Jewish nationalism<br/>The beginning of the Return<br/>Herzl and the rise of political Zionism<br/>The growth of the Yishuv<br/>The Balfour Declaration<br/>The establishment of the mandate<br/>Building the Jewish national home<br/>The seeds of Arab-Jewish confrontation<br/>Britain repudiates the Jewish national home<br/>Palestine in World War II<br/>The Yishuv repudiates the mandate<br/>The birth of Israel<br/>The war of independence<br/>The growth of the Israeli republic<br/>Ingathering and the struggle for economic survival<br/>The search for peace and security<br/>Sinai and Suez<br/>Years of economic and social growth<br/>A decade of political and diplomatic achievement<br/>Cultural and ideological currents<br/>The Six-Day War<br/>Israel as empire<br/>Israel and world Jewry<br/>The War of the Day of Judgment<br/>Aftermath of an earthquake<br/>The Likud era begins<br/>An accommodation with Egypt<br/>Romantic nationalism and Realpolitik<br/>Revisionism at the apogee<br/>Israel in Lebanon<br/>A crisis of Israeli spirit, of diaspora loyalty<br/>The era of unity governments<br/>The wages of immobilism<br/>A tormented road to peace<br/>A deterioration of the Rabin-Peres legacy<br/>Ehud Barak's two years<br/>The bulldozer as prime minister<br/>The bulldozer as statesman<br/>Israel faces the Twenty-first Century<br/>A mottled landscape<br/>A Middle Eastern hour of decision
520 ## - RESUMEN, ETC.
Sumario, etc. Voluminous treatise encompassing the history of Israel from the late-nineteenth century to present day
650 #0 - PUNTO DE ACCESO ADICIONAL DE MATERIA--TÉRMINO DE MATERIA
Término de materia o nombre geográfico como elemento de entrada Zionism
Subdivisión general History.
650 #4 - PUNTO DE ACCESO ADICIONAL DE MATERIA--TÉRMINO DE MATERIA
Término de materia o nombre geográfico como elemento de entrada Sionismo
Subdivisión general Historia.
9 (RLIN) 5255
651 #0 - PUNTO DE ACCESO ADICIONAL DE MATERIA--NOMBRE GEOGRÁFICO
Nombre geográfico Israel
Subdivisión general History.
651 #4 - PUNTO DE ACCESO ADICIONAL DE MATERIA--NOMBRE GEOGRÁFICO
Nombre geográfico Israel
Subdivisión general Historia
9 (RLIN) 15733
651 #0 - PUNTO DE ACCESO ADICIONAL DE MATERIA--NOMBRE GEOGRÁFICO
Nombre geográfico Palestine
Subdivisión general History
Subdivisión cronológica 1917-1948.
651 #4 - PUNTO DE ACCESO ADICIONAL DE MATERIA--NOMBRE GEOGRÁFICO
Nombre geográfico Palestina
Subdivisión general Historia
Subdivisión cronológica 1917-1948
9 (RLIN) 3508
856 41 - LOCALIZACIÓN Y ACCESO ELECTRÓNICOS
Materiales especificados Table of contents only
Identificador Uniforme de Recursos <a href="http://www.loc.gov/catdir/toc/ecip076/2006101970.html">http://www.loc.gov/catdir/toc/ecip076/2006101970.html</a>
942 ## - ELEMENTOS DE ENTRADA SECUNDARIOS (KOHA)
Fuente del sistema de clasificación o colocación Clasificación de Library of Congress
Tipo de ítem Koha Libro
Holdings
Estatus retirado Estado de pérdida Fuente del sistema de clasificación o colocación Estado de daño No para préstamo Colección Biblioteca de origen Biblioteca actual Ubicación en estantería Fecha de adquisición Signatura topográfica completa Código de barras Visto por última vez Copia número Tipo de ítem Koha
    Clasificación de Library of Congress     Recursos Regionales Biblioteca Juan Bosch Biblioteca Juan Bosch Recursos Regionales (2do. Piso) 10/04/2023 416 DS 126.5 S121h 2007 00000046763 23/10/2018 1 Libro